| 000 | 00465nam a2200133Ia 4500 | ||
|---|---|---|---|
| 008 | 160809s9999 xx 000 0 und d | ||
| 100 | _aPark, Chan-Min. | ||
| 245 | _aEnhanced Protocol for Wireless Content-Centric Network | ||
| 245 | _cChan-Min Park, Rana Asif Rehman, Tran Dinh Hieu and Byung-Seo Kim. | ||
| 260 | _bComputer Science and Information Technology | ||
| 260 | _cMayo-16 | ||
| 650 | _xINFORMATION TECHNOLOGY | ||
| 856 | _uhttp://airccse.org/V6N53.html | ||
| 999 |
_c300104 _d300104 |
||